| 000 | 00583nam a22001817a 4500 | ||
|---|---|---|---|
| 003 | CEME | ||
| 005 | 20210628203306.0 | ||
| 008 | 210204b xxu||||| |||| 00| 0 eng d | ||
| 020 | _a9780070637176 | ||
| 040 | _c. | ||
| 082 | _a423.1 DOW | ||
| 100 |
_aDowning, David , Williams, D.K _964522 |
||
| 245 | _aThe mcgraw hill dictionary of misspelled and easily confused words , chose the right word and spell it correctly | ||
| 260 |
_aNEW DELHI _bTATA MCGRAW HILL _c2006 |
||
| 300 | _a516P | ||
| 650 |
_aDICTIONARY OF MISSPELLED AND EASILY CONFUSED WORDS. _964523 |
||
| 942 |
_cBK _2ddc |
||
| 999 |
_c572986 _d572986 |
||